000 00352 a2200109 4500
020 _a8120414020
082 _a624.15136 KAT
100 _aKatti, R. K.
245 _aInfluence of Gravity on Granular Soil Mechanics
_cR. K. Katti, A. R. Katti, D. R. Katti
260 _aNew Delhi :
_bOxford and IBH Publishing,
_c2000
300 _axii, 467p. :
_bill. ;
_c27 cm
650 _aSoil Mecahnics
999 _c1111
_d1111